Geography Quiz

Random Geography or Flags Quiz

5 by 5 Flags by Continent Quiz Stats

 Plays Quiz Updated Apr 3, 2019

     
Support Sporcle.
Go Orange.
Score 0/25 Timer 05:00
11 Plays Today
Hint Answer % Correct
AmericasBrazil
96.8%
EuropeUnited Kingdom
96.3%
AsiaSouth Korea
95.8%
Israel
94.7%
China
93.5%
South Africa
90.6%
Finland
90.3%
Denmark
86%
Belgium
84.5%
Nigeria
79.2%
Kenya
78.4%
Iran
77.2%
Colombia
76.5%
Hint Answer % Correct
AfricaMorocco
67.2%
Bahamas
57.4%
Lithuania
56.5%
OceaniaPapua New Guinea
53.9%
Samoa
53.4%
Guatemala
52.2%
Micronesia
50.6%
Laos
50.5%
Haiti
49.5%
Marshall Islands
49.1%
Nauru
47.8%
Togo
46.6%

From the Vault

TV Pop-Ups IV

by Thebiguglyalien

Error messages aren't just for computers anymore.
Remove Ads.
Support Sporcle.
Get the best of Sporcle when you Go Orange. This ad-free experience offers more features, more stats, and more fun while also helping to support Sporcle. Thank you for becoming a member.

Show Comments

Extras

Top Quizzes Today


Score Distribution

Your Account Isn't Verified!

In order to create a playlist on Sporcle, you need to verify the email address you used during registration. Go to your Sporcle Settings to finish the process.

Report this User

Report this user for behavior that violates our Community Guidelines.

Details: